Portraits of Roman Emperors - Statistics

General Stats
  • This quiz has been taken 8 times
  • The average score is 11 of 20
Answer Stats
Picture Answer % Correct
Hadrian
100%
Marcus Aurelius
100%
Vespasian
100%
Trajan
86%
Julian
71%
Lucius Verus
71%
Maximinus Thrax
71%
Gordian III
57%
Constantine the Great
43%
Diocletian
43%
Elagabalus
43%
Geta
43%
Macrinus
43%
Nerva
43%
Philip Arab
43%
Probus
43%
Trajan Decius
43%
Balbinus
29%
Postumus
29%
Septimus Severus
14%
No matching quizzes found
Score Distribution
Percent of People with Each Score
Percentile by Number Answered
Your Score History
You have not taken this quiz